Beginnings and Ends III Quiz Stats

Quiz Updated Mar 16, 2012

Challenge
Share
Tweet
Embed
Score 0/26 Timer 07:00
3 Plays Today
Beginning Word % Correct
apappendix
91.1%
ididentify
75.5%
umumbrella
70.1%
flflamingo
68.4%
ororthodox
65.9%
phpharmacy
65.8%
totomorrow
62.9%
jejeopardy
59.3%
rhrhapsody
57.5%
hohomework
48.2%
dadaffodil
47.9%
yoyourself
45.1%
vevendetta
44.5%
Beginning Word % Correct
babankrupt
40.9%
egeggplant
40.1%
wewerewolf
35.6%
cicivilian
28.6%
scscenario
26%
zezeppelin
22%
mumushroom
18.8%
ququeendom
10.3%
xexenolith
9.4%
gogovernor
9.3%
lilingerie
8.5%
kikilowatt
8.2%
nenegative
7.4%

You're not logged in!

Compare scores with friends on all Sporcle quizzes.
Join for Free
OR
Log In

You Might Also Like...

Show Comments

Extras

Top Quizzes Today


Score Distribution

Your Account Isn't Verified!

In order to create a playlist on Sporcle, you need to verify the email address you used during registration. Go to your Sporcle Settings to finish the process.

Report this User

Report this user for behavior that violates our Community Guidelines.

Details: